Miasta z największym przyrostem i spadkiem ludności w Polsce 2021/22 - Statystyki

Ogólne statystyki
  • Ten quiz został rozwiązany 1 razy
  • Średni wynik to 2 z 10
Statystyki odpowiedzi
Wartość Ludność
2021/22
Zmiana
Powierzchni
Miasto % Poprawnych
+17,24% 36816/43164 - Marki
100%
+14,99% 38546/44325 - Ząbki
100%
-22,33% 2279/1770 - Chodecz
0%
-11,81% 1982/1748 - Dąbie
0%
+27,98% 2534/3243 - KazimierzDolny
0%
+18,40% 12432/14719 -0,12% OżarówMazowiecki
0%
+16,48% 8851/10310 +0,13% Siechnice
0%
-16,69% 1414/1178 - Stopnica
0%
-11,72% 6653/5873 - SzklarskaPoręba
0%
-11,78% 1095/966 - Szydłów
0%
Nie znaleziono quizów pasujących do podanych kryteriów
Rozkład punktacji
Procent ludzi z każdym wynikiem
Percentyl według liczby udzielonych odpowiedzi
Twoja historia wyników
Nie rozwiązałeś tego quizu